Statistics for Geography of Virginia Quiz

Click here to take the quiz!

General Stats

  • This quiz has been taken 79 times
  • The average score is 12 of 19

Answer Stats

QuestionAnswer% Correct
What is the state capital of Virginia?Richmond
98%
What mountain range is Mount Rogers part of, Virginia's highest peak?{Blue} Ridge Mountains
92%
What river makes the border with Maryland?Potomac
89%
What was the name of the first permanent English colony in the New World?Jamestown
85%
What building, located in nearby Arlington County, serves as the headquarters
of the U.S. military?
The Pentagon
85%
What ocean bay is situated between the above and rest of the state?Chesapeake
77%
What is the name of George Washington's estate?Mount Vernon
73%
What was the name of Thomas Jefferson's family plantation?Monticello
68%
What is the most populous city in Virginia by city proper?Virginia Beach
66%
What city has a "Colonial" historical district?Williamsburg
61%
What city is home to the U.S. Atlantic Fleet?Norfolk
60%
What is the state nickname of Virginia?The Old {Dominion}
56%
What Appalachian mountain pass straddles Tennessee, Kentucky and Virginia?{Cumberland} Gap
50%
What city is home to the University of Virginia?Charlottesville
48%
What airport in Arlington County has the airport code DCA?Ronald Reagan
48%
What town, near Washington D.C., is the headquarters of CIA?Langley
44%
What peninsula is shared by Maryland, Delaware and Virginia?Delmarva Peninsula
42%
What is the national park of Virginia?Shenandoah
42%
What historical district in the capital has a long tradition of
African-American businesses?
{Jackson} Ward
10%

Score Distribution

Percentile by Number Answered

Percent of People with Each Score

Your Score History

You have not taken this quiz